000 00470nam a2200157 i 4500
001 bg
245 0 _aEwapotranspiracja roślin uprawnych w świetle najnowszych badań.
260 _aWarszawa,
_c1990.
490 1 _aZeszyty Problemowe Postępów Nauk Rolniczych ;
_vz.390
830 _aZeszyty Problemowe Postępów Nauk Rolniczych ;
040 _cBPK
041 _apol
080 _a551.57:631.432:631.6
942 _cKS
008 s pl f |000 0 pol
999 _c29264
_d29264
856 _uhttp://koha.tu.koszalin.pl/cgi-bin/koha/opac-detail.pl?biblionumber=29264
_yKatalog online BPK